Expressions et métiers 10 (click quiz) - Statistiques

Statistiques générales
  • Ce quiz a été pris 103 fois
  • Le résultat moyen est 7 sur 8
Statistiques - réponses
Hint Réponse % Correct
Cordiste-archer Avoir plusieurs cordes à son arc
96%
Pharmacien Blanc comme un cachet d'aspirine
93%
Electricien Ne pas se faire d'ampoules aux mains
92%
Testeur de tire-fesses S'asseoir dessus
87%
Déménageur Armoire à glace
83%
Consultant en burn out Broyer du noir
82%
Maraîcher Avoir un coeur d'artichaut
80%
Voyant La bonne aventure
67%
Aucun quiz correspondant
Distribution des résultats
% des personnes avec chaque résultat
Percentile par nombre de réponses
Votre historique - résultats
Vous n’avez pas pris ce quiz